书目信息 |
| 题名: |
简明分析化学手册
|
|
| 作者: | 常文保 , 李克安 编 | |
| 分册: | ||
| 出版信息: | 北京 北京大学出版社 1981 |
|
| 页数: | 314页 | |
| 开本: | 21cm | |
| 丛书名: | ||
| 单 册: | ||
| 中图分类: | O65-62 , O-62 | |
| 科图分类: | ||
| 主题词: | 数学--手册 , 力学 , 物理学 , 化学 | |
| 电子资源: | ||
| ISBN: | ||
| 000 | 00731nam0 2200277 450 | |
| 001 | 1538323864 | |
| 005 | 20150130103908.48 | |
| 010 | @dCNY1.50 | |
| 091 | @a13209.33 | |
| 100 | @a19950703d1981 em y0chiy0110 ea | |
| 101 | 0 | @achi |
| 102 | @aCN@b110000 | |
| 105 | @ay z 000yy | |
| 200 | 1 | @a简明分析化学手册@9jian ming fen xi hua xue shou ce@f常文保,李克安编 |
| 210 | @a北京@c北京大学出版社@d1981 | |
| 215 | @a314页@d21cm | |
| 606 | 0 | @a数学@x手册 |
| 606 | 0 | @a力学 |
| 606 | 0 | @a物理学 |
| 606 | 0 | @a化学 |
| 690 | @aO65-62@v5 | |
| 690 | @aO-62@v4 | |
| 701 | 0 | @a常文保@9chang wen bao@f(1939.7~2004.7)@4编 |
| 701 | 0 | @a李克安@9li ke an@f(1945.1~)@4编 |
| 801 | 0 | @aCN@bTSSF@c20150130 |
| 905 | @aZUCC@dO-62@eJY13 | |
| 简明分析化学手册/常文保,李克安编.-北京:北京大学出版社,1981 |
| 314页;21cm |
| ISBN :CNY1.50 |
| ● |
| 相关链接 |
|
|
|
|
正题名:简明分析化学手册
索取号:O-62/JY13
 
预约/预借
| 序号 | 登录号 | 条形码 | 馆藏地/架位号 | 状态 | 备注 |
| 1 | 7862734 | 278627345 | 学院路分馆/ [索取号:O-62/JY13] | 在馆 |